LIBRARY & INFORMATION CENTRE, KCAET, TAVANUR

ONLINE PUBLIC ACCESS CATALOGUE (OPAC)

Studies on a stand alone micro wind turbine (Record no. 14943)

MARC details
000 -LEADER
fixed length control field 00625nam a22001817a 4500
003 - CONTROL NUMBER IDENTIFIER
control field OSt
088 ## - REPORT NUMBER
Report number P 166
100 ## - MAIN ENTRY--AUTHOR NAME
Personal name OBILY B.W
-- SABARINATH R
-- SHIMNA K.T
245 ## - TITLE STATEMENT
Title Studies on a stand alone micro wind turbine
260 ## - PUBLICATION, DISTRIBUTION, ETC. (IMPRINT)
Place of publication Tavanur 2006
Name of publisher Kelappaji College of Agricultural Engineering and Technology
300 ## - PHYSICAL DESCRIPTION
Number of Pages 40
500 ## - GENERAL NOTE
General note Studies on a stand alone micro wind turbine
520 ## - SUMMARY, ETC.
Summary, etc Studies on a stand alone micro wind turbine
700 ## - ADDED ENTRY--PERSONAL NAME
Personal name Dr.Geetha Susan Philip (Guide)
856 ## - ELECTRONIC LOCATION AND ACCESS
Uniform Resource Identifier https://drive.google.com/open?id=1d0Vn7JuA9QdOHVhuKDVUz0_SsB2S6X5u
942 ## - ADDED ENTRY ELEMENTS (KOHA)
Koha item type Project Report
Holdings
Collection code Home library Current library Shelving location Full call number Accession Number Koha item type
Reference KAUAET KAUAET Reference 631.3 OBI/ST P 166 Project Report
free website counter